Podrobnosti MARC
| 000 -LEADER |
| kontrolní pole pevné délky |
02827nam a2200973 i 4500 |
| 001 - ŘÍDÍCÍ ČÍSLO |
| kontrolní pole |
nkc20243606711 |
| 003 - CONTROL NUMBER IDENTIFIER |
| kontrolní pole |
CZ PrSKC |
| 005 - DATUM A ČAS POSLEDNÍHO ZPRACOVÁNÍ |
| kontrolní pole |
20260424142730.0 |
| 007 - FYZICKÝ POPIS - SPECIFIKACE PRO TIŠTĚNÝ ČI RUKOPISNÝ (OKEM ČITELNÝ) TEXT |
| kontrolní pole pevné délky |
ta |
| 008 - SPECIFIKACE PRO KNIHY A POKRAČUJÍCÍ ZDROJE |
| kontrolní pole pevné délky |
240520s2024 xr ac e 000 0 cze |
| 015 ## - ČÍSLO NÁRODNÍ BIBLIOGRAFIE |
| Číslo národní bibliografie |
cnb003606711 |
| 020 ## - MEZINÁRODNÍ STANDARDNÍ ČÍSLO KNIHY (ISBN) |
| ISBN |
9788072279029 |
| Kvalifikátor |
(brožováno) |
| 035 ## - SYSTEM CONTROL NUMBER |
| System control number |
(OCoLC)1445418963 |
| 040 ## - CATALOGING SOURCE (Původ katalogizace) |
| Agentura zajišťující původní katalogizaci |
OLA001 |
| Jazyk katalogizace |
cze |
| Použitá pravidla popisu |
rda |
| 045 ## - ČASOVÉ OBDOBÍ OBSAHU DOKUMENTU |
| Kód časového období |
x-y- |
| 072 #7 - SKUPINA KONSPEKTU |
| Klasifikační znak skupiny Konspektu |
502 |
| Slovní vyjádření skupiny Konspektu |
Životní prostředí a jeho ochrana |
| Zdroj |
Konspekt |
| 080 ## - MEZINÁRODNÍ DESETINNÉ TŘÍDĚNÍ |
| Klasifikační znak MDT |
001-051 |
| Vydání |
MRF |
| 080 ## - MEZINÁRODNÍ DESETINNÉ TŘÍDĚNÍ |
| Klasifikační znak MDT |
101-051 |
| Vydání |
MRF |
| 080 ## - MEZINÁRODNÍ DESETINNÉ TŘÍDĚNÍ |
| Klasifikační znak MDT |
001-055.2 |
| Vydání |
MRF |
| 080 ## - MEZINÁRODNÍ DESETINNÉ TŘÍDĚNÍ |
| Klasifikační znak MDT |
"628.64" |
| Vydání |
MRF |
| 080 ## - MEZINÁRODNÍ DESETINNÉ TŘÍDĚNÍ |
| Klasifikační znak MDT |
502.1 |
| Vydání |
MRF |
| 080 ## - MEZINÁRODNÍ DESETINNÉ TŘÍDĚNÍ |
| Klasifikační znak MDT |
316.3/.6 |
| Vydání |
MRF |
| 080 ## - MEZINÁRODNÍ DESETINNÉ TŘÍDĚNÍ |
| Klasifikační znak MDT |
(047.53) |
| Vydání |
MRF |
| 080 ## - MEZINÁRODNÍ DESETINNÉ TŘÍDĚNÍ |
| Klasifikační znak MDT |
(081) |
| Vydání |
MRF |
| 100 1# - HLAVNI ZÁHLAVÍ - OSOBNÍ JMÉNO |
| Osobní jméno |
Kučera, Štěpán, |
| Data související se jménem |
1985- |
| Relationship |
aut |
| 245 10 - ÚDAJE O NÁZVU |
| Název |
Jen další konec světa : |
| Další údaje o názvu |
33 rozhovorů o antropocénu, "věku člověka", vedl Štěpán Kučera |
| 250 ## - ÚDAJE O VYDÁNÍ |
| Označení vydání |
Vydání první |
| 264 #1 - PRODUCTION, PUBLICATION, DISTRIBUTION, MANUFACTURE, AND COPYRIGHT NOTICE |
| Place of production, publication, distribution, manufacture |
Brno : |
| Name of producer, publisher, distributor, manufacturer |
Druhé město, |
| Date of production, publication, distribution, manufacture, or copyright notice |
2024 |
| 300 ## - FYZICKÝ POPIS |
| Rozsah |
249 stran : |
| Další fyzické údaje |
ilustrace, portréty ; |
| Rozměry |
23 cm |
| 336 ## - CONTENT TYPE |
| Content type term |
text |
| Content type code |
txt |
| Zdroj |
rdacontent |
| 337 ## - MEDIA TYPE |
| Media type term |
bez média |
| Media type code |
n |
| Zdroj |
rdamedia |
| 338 ## - CARRIER TYPE |
| Carrier type term |
svazek |
| Carrier type code |
nc |
| Zdroj |
rdacarrier |
| 520 2# - ABSTRAKT, ATD. |
| Text poznámky |
Jaké je místo člověka ve světě živé i neživé přírody? Otázky nad souvislostmi antropocénu pokládá spisovatel a novinář Štěpán Kučera v rozhovorech, jež původně vycházely v Salonu Práva, s výraznými osobnostmi své vědecké profese. |
| 648 #7 - VEDLEJŠÍ VĚCNÉ ZÁHLAVÍ - CHRONOLOGICKÝ TERMÍN |
| Chronologický termín |
20.-21. století |
| Zdroj záhlaví nebo termínu |
czenas |
| 650 07 - VEDLEJŠÍ VĚCNÉ ZÁHLAVÍ - VĚCNÉ TÉMA |
| Topical term or geographic name entry element |
vědci |
| Chronologické zpřesnění |
20.-21. století |
| Zdroj záhlaví nebo termínu |
czenas |
| 650 07 - VEDLEJŠÍ VĚCNÉ ZÁHLAVÍ - VĚCNÉ TÉMA |
| Topical term or geographic name entry element |
myslitelé |
| Chronologické zpřesnění |
20.-21. století |
| Zdroj záhlaví nebo termínu |
czenas |
| 650 07 - VEDLEJŠÍ VĚCNÉ ZÁHLAVÍ - VĚCNÉ TÉMA |
| Topical term or geographic name entry element |
antropocén |
| Zdroj záhlaví nebo termínu |
czenas |
| 650 07 - VEDLEJŠÍ VĚCNÉ ZÁHLAVÍ - VĚCNÉ TÉMA |
| Topical term or geographic name entry element |
člověk a životní prostředí |
| Zdroj záhlaví nebo termínu |
czenas |
| 650 07 - VEDLEJŠÍ VĚCNÉ ZÁHLAVÍ - VĚCNÉ TÉMA |
| Topical term or geographic name entry element |
člověk a společnost |
| Zdroj záhlaví nebo termínu |
czenas |
| 650 09 - VEDLEJŠÍ VĚCNÉ ZÁHLAVÍ - VĚCNÉ TÉMA |
| Topical term or geographic name entry element |
scientists |
| Chronologické zpřesnění |
20th-21st centuries |
| Zdroj záhlaví nebo termínu |
eczenas |
| 650 09 - VEDLEJŠÍ VĚCNÉ ZÁHLAVÍ - VĚCNÉ TÉMA |
| Topical term or geographic name entry element |
thinkers |
| Chronologické zpřesnění |
20th-21st centuries |
| Zdroj záhlaví nebo termínu |
eczenas |
| 650 09 - VEDLEJŠÍ VĚCNÉ ZÁHLAVÍ - VĚCNÉ TÉMA |
| Topical term or geographic name entry element |
anthropocene |
| Zdroj záhlaví nebo termínu |
eczenas |
| 650 09 - VEDLEJŠÍ VĚCNÉ ZÁHLAVÍ - VĚCNÉ TÉMA |
| Topical term or geographic name entry element |
man and environment |
| Zdroj záhlaví nebo termínu |
eczenas |
| 650 09 - VEDLEJŠÍ VĚCNÉ ZÁHLAVÍ - VĚCNÉ TÉMA |
| Topical term or geographic name entry element |
man and society |
| Zdroj záhlaví nebo termínu |
eczenas |
| 655 #7 - REJSTŘÍKOVÝ TERMÍN -- žánr/forma |
| Žánr/forma či základní termín |
rozhovory |
| Source of term |
czenas |
| 655 #7 - REJSTŘÍKOVÝ TERMÍN -- žánr/forma |
| Žánr/forma či základní termín |
sborníky |
| Source of term |
czenas |
| 655 #9 - REJSTŘÍKOVÝ TERMÍN -- žánr/forma |
| Žánr/forma či základní termín |
interviews |
| Source of term |
eczenas |
| 655 #9 - REJSTŘÍKOVÝ TERMÍN -- žánr/forma |
| Žánr/forma či základní termín |
papers |
| Source of term |
eczenas |
| 900 ## - EQUIVALENCE OR CROSS-REFERENCE-PERSONAL NAME [LOCAL, CANADA] |
| Římské číslice |
19 |
| 910 ## - USER-OPTION DATA (OCLC) |
| User-option data |
ABA001 |
| 910 ## - USER-OPTION DATA (OCLC) |
| User-option data |
ABA007 |
| 910 ## - USER-OPTION DATA (OCLC) |
| User-option data |
ABA010 |
| 910 ## - USER-OPTION DATA (OCLC) |
| User-option data |
ABB060 |
| 910 ## - USER-OPTION DATA (OCLC) |
| User-option data |
ABD001 |
| 910 ## - USER-OPTION DATA (OCLC) |
| User-option data |
ABG001 |
| 910 ## - USER-OPTION DATA (OCLC) |
| User-option data |
BEG001 |
| 910 ## - USER-OPTION DATA (OCLC) |
| User-option data |
BOA001 |
| 910 ## - USER-OPTION DATA (OCLC) |
| User-option data |
BOD001 |
| 910 ## - USER-OPTION DATA (OCLC) |
| User-option data |
BOG001 |
| 910 ## - USER-OPTION DATA (OCLC) |
| User-option data |
BRG503 |
| 910 ## - USER-OPTION DATA (OCLC) |
| User-option data |
CBA001 |
| 910 ## - USER-OPTION DATA (OCLC) |
| User-option data |
CRG001 |
| 910 ## - USER-OPTION DATA (OCLC) |
| User-option data |
HBG001 |
| 910 ## - USER-OPTION DATA (OCLC) |
| User-option data |
HKA001 |
| 910 ## - USER-OPTION DATA (OCLC) |
| User-option data |
JNG001 |
| 910 ## - USER-OPTION DATA (OCLC) |
| User-option data |
KAG503 |
| 910 ## - USER-OPTION DATA (OCLC) |
| User-option data |
KLG001 |
| 910 ## - USER-OPTION DATA (OCLC) |
| User-option data |
KLG002 |
| 910 ## - USER-OPTION DATA (OCLC) |
| User-option data |
KVG001 |
| 910 ## - USER-OPTION DATA (OCLC) |
| User-option data |
LIA001 |
| 910 ## - USER-OPTION DATA (OCLC) |
| User-option data |
MOG001 |
| 910 ## - USER-OPTION DATA (OCLC) |
| User-option data |
OLA001 |
| 910 ## - USER-OPTION DATA (OCLC) |
| User-option data |
OLD012 |
| 910 ## - USER-OPTION DATA (OCLC) |
| User-option data |
OPG001 |
| 910 ## - USER-OPTION DATA (OCLC) |
| User-option data |
PAD001 |
| 910 ## - USER-OPTION DATA (OCLC) |
| User-option data |
PAG001 |
| 910 ## - USER-OPTION DATA (OCLC) |
| User-option data |
PBG001 |
| 910 ## - USER-OPTION DATA (OCLC) |
| User-option data |
PNA001 |
| 910 ## - USER-OPTION DATA (OCLC) |
| User-option data |
ULD001 |
| 910 ## - USER-OPTION DATA (OCLC) |
| User-option data |
ULG001 |
| 910 ## - USER-OPTION DATA (OCLC) |
| User-option data |
ZLG001 |
| 910 ## - USER-OPTION DATA (OCLC) |
| User-option data |
ZRG001 |
| 942 ## - PŘIDANÉ VEDLEJŠÍ ZÁHLAVÍ (KOHA) |
| Source of classification or shelving scheme |
Dewey Decimal Classification |
| Koha item type |
Kniha |
| Suppress in OPAC |
No |